000
00304pab a2200121 454500
008
180718b xxu||||| |||| 00| 0 eng d
100
_a
Faber, Mike
245
_a
Governance and the foreign direct investor
650
_a
Investment
650
_a
Foreign Investment
773
_a
IDS Bulletin
909
_a
24342
999
_c
24342
_d
24342